| 000 | 00649nam a22001697a 4500 | ||
|---|---|---|---|
| 005 | 20160926100931.0 | ||
| 008 | 160926b xxu||||| |||| 00| 0 eng d | ||
| 050 | _aBV3625.G6M6 1970 | ||
| 100 |
_aMobley, Harris W. _926128 |
||
| 245 |
_aThe Ghanaian's image of the missionary _ban analysis of the published critiques of christian missionaries by Ghanaians 1897-1965 _cby Mobley, Harris W. |
||
| 260 |
_aLeiden _bE.J. Brill _c1970 |
||
| 300 |
_axi, 180p.; _c25cm. |
||
| 440 |
_aStudies on religion in Africa _v1 _926129 |
||
| 650 |
_aMission _zGhana _926130 |
||
| 650 |
_aMission, foreign _xControversial literature _926131 |
||
| 942 |
_2lcc _cMONOGRAPH |
||
| 999 |
_c125328 _d125328 |
||